000 00383nam a22001577a 4500
003 OSt
005 20211102115050.0
008 211102b |||||||| |||| 00| 0 eng d
020 _a0-7216-9052-1
040 _cHAWASSA UNIVERSITY
050 _a636.3089/SHE
_b1
082 _a636.3089/SHE
_b1
245 _aSHEEP AND GOAT MEDICINE
260 _bSAUNDERS
_c2002
942 _2ddc
_cBOOKS
_n0
999 _c16298
_d16298